直営のバス事業がある鉄道会社 - Statistics

General Stats
  • This quiz has been taken 211 times
    114 since last reset
  • The average score is 8 of 21
Answer Stats
Answer % Correct
西日本鉄道
72%
富山地方鉄道
60%
関東鉄道
58%
遠州鉄道
58%
アルピコ交通
57%
広島電鉄
57%
北陸鉄道
53%
福井鉄道
50%
福島交通
49%
小湊鉄道
47%
岡山電気軌道
47%
とさでん交通
46%
近江鉄道
44%
三岐鉄道
32%
島原鉄道
30%
熊本電気鉄道
26%
水間鉄道
23%
阿佐海岸鉄道
11%
立山黒部貫光
5%
丹後海陸交通
5%
六甲山観光
3%
No matching quizzes found
Score Distribution
Percent of People with Each Score
Percentile by Number Answered
Your Score History
You have not taken this quiz since the last reset